01352nam a2200265 a 450000100100000000500170001000800410002704000250006808200200009310000440011324501970015726000340035430000200038849000480040865000270045665000350048365000460051870000660056470000430063071001030067383000550077695201170083195201230094899900150107100000565120260120123447.0090821s1999 dr 000 0 spa d aDO-SdBNPbspacBNPHU a345.0527bC965p1 aCuello Pereira, Vinicio Martín91598513aLa prisión preventiva y los mandamientos en la instrución preparatoria /cVinicio Martin Cuello Pereira ; prólogo Aura Celeste Fernández R. ; revisión y corrección Milbert Pérez. aSanto Domingo :bCAMJ,c1999. a62 p. ;c22 cm.0 aSerie Cuadernos del Ministerio Públicov4 4aEncarcelamiento915986 0aDetención preventiva 988896 4aAdministración de justicia penal9159881 aFernández Rodríguez, Aura Celeste,d1959-epról.9765471 aPérez, Milbert,erev. y corr.9159901 aRepública Dominicana.bComisionado de Apoyo a la Reforma y Modernización de la Justicia917179 0aSerie Cuadernos del Ministerio Públicon4915991 0010718PDaPDbPDcHDd2009-08-21iLF1l0o345.0527 C965pp5651-10r2020-06-25w2020-06-25yLFPDZNo se presta 0010718PDaPDbPDcHDd2009-08-21iLF1l0o345.0527 C965pp5651-20r2020-06-25te. 2w2020-06-25yLFPDZNo se presta c5450d5450